000
00220 a2200097 4500
001
39975
100
_a
Khana D R
245
_a
College Practical Physics
260
_a
New Dehli
_b
R Chand & Co.
_c
090
_c
24964
_d
24964
942
_a
NUST-CAE
_c
M
_c
16629
999
_c
275048
_d
275048